Experiences of Financial Distress in Thailand (Record no. 226383)

000 -LEADER
fixed length control field 00403cam a22001217a 4500
008 - FIXED-LENGTH DATA ELEMENTS--GENERAL INFORMATION
fixed length control field 180718b1989 xxu||||| |||| 00| 0 eng d
100 ## - MAIN ENTRY--PERSONAL NAME
Personal name Sundaravej, Tipsuda
245 ## - TITLE STATEMENT
Title Experiences of Financial Distress in Thailand
Statement of responsibility, etc. by Tipsuda Sundaravej and Prasarn Trairatvorakul
260 ## - PUBLICATION, DISTRIBUTION, ETC.
Place of publication, distribution, etc. Washington, D.C.
Name of publisher, distributor, etc. IBRD
Date of publication, distribution, etc. 1989
300 ## - PHYSICAL DESCRIPTION
Extent 28p.
440 ## - SERIES STATEMENT/ADDED ENTRY--TITLE
Title Working Papers WPS 283
700 ## - ADDED ENTRY--PERSONAL NAME
Personal name Trairatovorakul, Prasarn
Holdings
Withdrawn status Lost status Damaged status Not for loan Permanent Location Current Location Date acquired Barcode Date last seen Price effective from Koha item type
        Indian Institute of Public Administration Indian Institute of Public Administration 1993-05-28 WB2130 2018-07-20 2018-07-20 WB

Powered by Koha